中国所有地级行政区(纯粹地级行政区版) - Statistics

General Stats
  • This quiz has been taken 40 times
    31 since last reset
  • The average score is 246 of 333
Answers on the Map
Answers color-coded by a green-red scale on the quiz's map according to % correct below.
 
Answer Stats
省级行政区 地级行政区 % Correct
吉林省 长春市
94%
江苏省 南京市
94%
江苏省 镇江市
94%
湖北省 武汉市
94%
广东省 广州市
94%
广东省 深圳市
94%
西藏自治区 拉萨市
94%
陕西省 西安市
94%
新疆维吾尔自治区 乌鲁木齐市
94%
河北省 石家庄市
88%
河北省 秦皇岛市
88%
山西省 太原市
88%
内蒙古自治区 包头市
88%
内蒙古自治区 呼伦贝尔市
88%
辽宁省 沈阳市
88%
吉林省 吉林市
88%
黑龙江省 哈尔滨市
88%
黑龙江省 齐齐哈尔市
88%
江苏省 无锡市
88%
江苏省 苏州市
88%
江苏省 南通市
88%
江苏省 连云港市
88%
江苏省 盐城市
88%
江苏省 扬州市
88%
浙江省 杭州市
88%
浙江省 宁波市
88%
浙江省 嘉兴市
88%
浙江省 湖州市
88%
安徽省 合肥市
88%
安徽省 蚌埠市
88%
安徽省 淮南市
88%
安徽省 淮北市
88%
江西省 南昌市
88%
山东省 济南市
88%
山东省 潍坊市
88%
山东省 临沂市
88%
河南省 郑州市
88%
河南省 开封市
88%
河南省 洛阳市
88%
湖南省 长沙市
88%
广东省 惠州市
88%
广西壮族自治区 南宁市
88%
海南省 三亚市
88%
四川省 成都市
88%
贵州省 贵阳市
88%
云南省 昆明市
88%
青海省 西宁市
88%
河北省 邯郸市
81%
河北省 邢台市
81%
河北省 保定市
81%
河北省 承德市
81%
河北省 廊坊市
81%
山西省 大同市
81%
山西省 晋城市
81%
内蒙古自治区 呼和浩特市
81%
内蒙古自治区 通辽市
81%
内蒙古自治区 鄂尔多斯市
81%
辽宁省 大连市
81%
辽宁省 辽阳市
81%
江苏省 徐州市
81%
江苏省 常州市
81%
江苏省 泰州市
81%
江苏省 宿迁市
81%
浙江省 绍兴市
81%
浙江省 台州市
81%
安徽省 芜湖市
81%
安徽省 马鞍山市
81%
安徽省 滁州市
81%
安徽省 阜阳市
81%
安徽省 宿州市
81%
安徽省 六安市
81%
安徽省 宣城市
81%
福建省 福州市
81%
福建省 厦门市
81%
江西省 景德镇市
81%
山东省 青岛市
81%
山东省 淄博市
81%
山东省 烟台市
81%
山东省 日照市
81%
山东省 德州市
81%
山东省 菏泽市
81%
河南省 安阳市
81%
河南省 鹤壁市
81%
河南省 许昌市
81%
河南省 南阳市
81%
河南省 信阳市
81%
河南省 驻马店市
81%
湖北省 十堰市
81%
湖北省 襄阳市
81%
湖北省 荆州市
81%
湖北省 恩施土家族苗族自治州
81%
广东省 韶关市
81%
广东省 珠海市
81%
广东省 汕头市
81%
广东省 佛山市
81%
广东省 东莞市
81%
广东省 揭阳市
81%
海南省 海口市
81%
四川省 攀枝花市
81%
四川省 德阳市
81%
四川省 广元市
81%
陕西省 宝鸡市
81%
甘肃省 天水市
81%
甘肃省 张掖市
81%
青海省 海东市
81%
青海省 海南藏族自治州
81%
青海省 海西蒙古族藏族自治州
81%
宁夏回族自治区 银川市
81%
新疆维吾尔自治区 喀什地区
81%
新疆维吾尔自治区 和田地区
81%
河北省 唐山市
75%
河北省 张家口市
75%
河北省 衡水市
75%
山西省 晋中市
75%
山西省 忻州市
75%
山西省 临汾市
75%
内蒙古自治区 赤峰市
75%
内蒙古自治区 锡林郭勒盟
75%
辽宁省 丹东市
75%
吉林省 延边朝鲜族自治州
75%
黑龙江省 鹤岗市
75%
黑龙江省 大庆市
75%
黑龙江省 佳木斯市
75%
黑龙江省 牡丹江市
75%
黑龙江省 黑河市
75%
江苏省 淮安市
75%
浙江省 温州市
75%
浙江省 金华市
75%
浙江省 衢州市
75%
浙江省 丽水市
75%
安徽省 铜陵市
75%
安徽省 黄山市
75%
安徽省 池州市
75%
福建省 三明市
75%
福建省 泉州市
75%
福建省 漳州市
75%
福建省 南平市
75%
福建省 宁德市
75%
江西省 九江市
75%
江西省 鹰潭市
75%
江西省 赣州市
75%
江西省 吉安市
75%
江西省 抚州市
75%
山东省 枣庄市
75%
山东省 东营市
75%
山东省 济宁市
75%
山东省 泰安市
75%
山东省 威海市
75%
山东省 聊城市
75%
河南省 平顶山市
75%
河南省 新乡市
75%
河南省 濮阳市
75%
河南省 漯河市
75%
河南省 商丘市
75%
河南省 周口市
75%
湖北省 荆门市
75%
湖北省 孝感市
75%
湖北省 黄冈市
75%
湖南省 湘潭市
75%
湖南省 岳阳市
75%
湖南省 张家界市
75%
广东省 湛江市
75%
广东省 茂名市
75%
广东省 汕尾市
75%
广东省 中山市
75%
广东省 潮州市
75%
广西壮族自治区 柳州市
75%
广西壮族自治区 桂林市
75%
广西壮族自治区 北海市
75%
广西壮族自治区 防城港市
75%
四川省 自贡市
75%
四川省 泸州市
75%
四川省 绵阳市
75%
四川省 乐山市
75%
四川省 广安市
75%
四川省 达州市
75%
四川省 巴中市
75%
四川省 阿坝藏族羌族自治州
75%
四川省 甘孜藏族自治州
75%
四川省 凉山彝族自治州
75%
云南省 西双版纳傣族自治州
75%
西藏自治区 日喀则市
75%
西藏自治区 林芝市
75%
西藏自治区 山南市
75%
西藏自治区 那曲市
75%
陕西省 咸阳市
75%
陕西省 延安市
75%
陕西省 榆林市
75%
甘肃省 兰州市
75%
甘肃省 白银市
75%
甘肃省 武威市
75%
甘肃省 酒泉市
75%
青海省 海北藏族自治州
75%
宁夏回族自治区 固原市
75%
新疆维吾尔自治区 克拉玛依市
75%
新疆维吾尔自治区 伊犁哈萨克自治州
75%
新疆维吾尔自治区 阿勒泰地区
75%
河北省 沧州市
69%
山西省 长治市
69%
山西省 朔州市
69%
山西省 运城市
69%
山西省 吕梁市
69%
内蒙古自治区 巴彦淖尔市
69%
内蒙古自治区 兴安盟
69%
内蒙古自治区 阿拉善盟
69%
辽宁省 铁岭市
69%
辽宁省 朝阳市
69%
辽宁省 葫芦岛市
69%
吉林省 白山市
69%
吉林省 白城市
69%
黑龙江省 鸡西市
69%
黑龙江省 七台河市
69%
黑龙江省 大兴安岭地区
69%
浙江省 舟山市
69%
安徽省 安庆市
69%
安徽省 亳州市
69%
福建省 莆田市
69%
福建省 龙岩市
69%
江西省 新余市
69%
江西省 上饶市
69%
山东省 滨州市
69%
河南省 焦作市
69%
河南省 三门峡市
69%
湖北省 黄石市
69%
湖北省 宜昌市
69%
湖南省 株洲市
69%
湖南省 邵阳市
69%
湖南省 郴州市
69%
湖南省 怀化市
69%
湖南省 湘西土家族苗族自治州
69%
广东省 江门市
69%
广东省 肇庆市
69%
广东省 梅州市
69%
广东省 云浮市
69%
广西壮族自治区 梧州市
69%
广西壮族自治区 贵港市
69%
海南省 三沙市
69%
海南省 儋州市
69%
四川省 眉山市
69%
四川省 宜宾市
69%
四川省 雅安市
69%
四川省 资阳市
69%
贵州省 遵义市
69%
贵州省 毕节市
69%
贵州省 黔西南布依族苗族自治州
69%
贵州省 黔东南苗族侗族自治州
69%
贵州省 黔南布依族苗族自治州
69%
云南省 玉溪市
69%
云南省 昭通市
69%
云南省 丽江市
69%
云南省 大理白族自治州
69%
云南省 怒江傈僳族自治州
69%
云南省 迪庆藏族自治州
69%
西藏自治区 昌都市
69%
西藏自治区 阿里地区
69%
陕西省 渭南市
69%
陕西省 汉中市
69%
甘肃省 嘉峪关市
69%
甘肃省 金昌市
69%
甘肃省 庆阳市
69%
甘肃省 甘南藏族自治州
69%
青海省 玉树藏族自治州
69%
宁夏回族自治区 石嘴山市
69%
宁夏回族自治区 中卫市
69%
新疆维吾尔自治区 吐鲁番市
69%
山西省 阳泉市
63%
内蒙古自治区 乌海市
63%
内蒙古自治区 乌兰察布市
63%
辽宁省 鞍山市
63%
辽宁省 抚顺市
63%
辽宁省 本溪市
63%
辽宁省 锦州市
63%
辽宁省 营口市
63%
辽宁省 阜新市
63%
辽宁省 盘锦市
63%
吉林省 四平市
63%
吉林省 辽源市
63%
吉林省 松原市
63%
黑龙江省 双鸭山市
63%
黑龙江省 绥化市
63%
江西省 萍乡市
63%
江西省 宜春市
63%
湖北省 鄂州市
63%
湖北省 咸宁市
63%
湖南省 衡阳市
63%
湖南省 常德市
63%
湖南省 益阳市
63%
湖南省 永州市
63%
广东省 阳江市
63%
广东省 清远市
63%
广西壮族自治区 钦州市
63%
广西壮族自治区 百色市
63%
广西壮族自治区 贺州市
63%
广西壮族自治区 来宾市
63%
四川省 遂宁市
63%
四川省 内江市
63%
贵州省 六盘水市
63%
贵州省 铜仁市
63%
云南省 保山市
63%
云南省 普洱市
63%
云南省 红河哈尼族彝族自治州
63%
云南省 文山壮族苗族自治州
63%
陕西省 铜川市
63%
陕西省 安康市
63%
陕西省 商洛市
63%
甘肃省 平凉市
63%
甘肃省 陇南市
63%
甘肃省 临夏回族自治州
63%
青海省 黄南藏族自治州
63%
青海省 果洛藏族自治州
63%
宁夏回族自治区 吴忠市
63%
新疆维吾尔自治区 哈密市
63%
新疆维吾尔自治区 昌吉回族自治州
63%
新疆维吾尔自治区 阿克苏地区
63%
吉林省 通化市
56%
黑龙江省 伊春市
56%
湖北省 随州市
56%
湖南省 娄底市
56%
广东省 河源市
56%
广西壮族自治区 玉林市
56%
广西壮族自治区 河池市
56%
四川省 南充市
56%
贵州省 安顺市
56%
云南省 曲靖市
56%
云南省 楚雄彝族自治州
56%
云南省 德宏傣族景颇族自治州
56%
新疆维吾尔自治区 巴音郭楞蒙古自治州
56%
新疆维吾尔自治区 塔城地区
56%
广西壮族自治区 崇左市
50%
云南省 临沧市
50%
甘肃省 定西市
50%
新疆维吾尔自治区 博尔塔拉蒙古自治州
50%
新疆维吾尔自治区 克孜勒苏柯尔克孜自治州
44%
No matching quizzes found
Score Distribution
Percent of People with Each Score
Percentile by Number Answered
Your Score History
You have not taken this quiz since the last reset